| 000 | 00546nam a2200205Ia 4500 | ||
|---|---|---|---|
| 003 | 0100 | ||
| 008 | 130303s9999 xx 000 0 und d | ||
| 040 | _cARRUPELIB | ||
| 050 | _aLB2331.N431989 | ||
| 100 | _aNewble, David | ||
| 245 | 2 | _aA Handbook for Teachers in Universities and Colleges | |
| 245 | _bA Guide to Improving Teaching Methods | ||
| 260 | _aNY | ||
| 260 | _bST. Martin's Press | ||
| 260 | _C1989 | ||
| 300 | _a159p | ||
| 650 | _bPsychology | ||
| 700 | _aIllustrations by Zig Kapelis , Cannon, Robert Anthony | ||
| 942 | 0 | 0 | _05 |
| 999 |
_c21215 _d21215 |
||